Welcome to CU Library Online Public Access Catalogue (OPAC)

Medical-Surgical Nursing (Record no. 7841)

MARC details
000 -LEADER
fixed length control field 00518nam a22001697a 4500
005 - DATE AND TIME OF LATEST TRANSACTION
control field 20251028112037.0
008 - FIXED-LENGTH DATA ELEMENTS--GENERAL INFORMATION
fixed length control field 251028b |||||||| |||| 00| 0 eng d
020 ## - INTERNATIONAL STANDARD BOOK NUMBER
International Standard Book Number 0397547307
020 ## - INTERNATIONAL STANDARD BOOK NUMBER
International Standard Book Number 9780397547302
050 ## - LIBRARY OF CONGRESS CALL NUMBER
Classification number RT41
Item number .M495
245 ## - TITLE STATEMENT
Title Medical-Surgical Nursing
Remainder of title Pathophysiological Concepts
Statement of responsibility, etc. Maxine L. Patrick et al.,
260 ## - PUBLICATION, DISTRIBUTION, ETC.
Place of publication, distribution, etc. Philadelphia
Name of publisher, distributor, etc. J. B. Lippincott Company
Date of publication, distribution, etc. 1991
300 ## - PHYSICAL DESCRIPTION
Extent xxviii. 2238p.
Other physical details ill. some color
Dimensions 28cm
650 ## - SUBJECT ADDED ENTRY--TOPICAL TERM
Source of heading or term Nursing
700 ## - ADDED ENTRY--PERSONAL NAME
Personal name Patrick, Maxine L.
942 ## - ADDED ENTRY ELEMENTS (KOHA)
Source of classification or shelving scheme Library of Congress Classification
Koha item type Books
Suppress in OPAC No
999 ## -
-- 7841
-- 7841
Holdings
Withdrawn status Lost status Source of classification or shelving scheme Damaged status Not for loan Collection Home library Current library Shelving location Date acquired Total checkouts Full call number Barcode Date last seen Copy number Price effective from Koha item type
    Library of Congress Classification     Non-fiction Science Library (Miotso) Science Library (Miotso) General stacks 10/28/2025   RT41 .M495 MED SLM00004654 10/28/2025 1 10/28/2025 Books
© 2023-2024 Copyright: Central University Libraries. All Rights Reserved | Created by: Mahone Tech Office